| 000 | 00409nam a2200181Ia 4500 | ||
|---|---|---|---|
| 001 | 7973 | ||
| 005 | 20260306160535.0 | ||
| 008 | 260306t2006||||xx |||||||||||||| ||spa|| | ||
| 041 | _aESP | ||
| 082 |
_a364.36 _bA33 |
||
| 100 |
_aAichhorn, August _eAUT |
||
| 245 | 0 | _aJuventud desamparada | |
| 260 | _c2006 | ||
| 300 |
_a191 páginas : _ccm. |
||
| 650 | _aGEN | ||
| 654 | _aCPS | ||
| 942 |
_cLIB _dJUS _fJUS _2ddc _n |
||
| 999 |
_c7973 _d7973 |
||